Bosniaque : vocabulaire 1 - Statistiques

Statistiques générales
  • Ce quiz a été pris 44 fois
  • Le résultat moyen est 7 sur 12
Statistiques - réponses
Français Bosniaque % Correct
moi / je ja
94%
moi et toi ja i ti
91%
lui / il on
91%
lui et elle on i ona
85%
la femme žena
71%
nous deux nas dvoje
59%
ici ovdje
44%
l'enfant dijete
38%
ma famille moja porodica
26%
l'homme muškarac
26%
eux deux njih dvoje
26%
une famille jedna porodica
21%
Aucun quiz correspondant
Distribution des résultats
% des personnes avec chaque résultat
Percentile par nombre de réponses
Votre historique - résultats
Vous n’avez pas pris ce quiz